| 000 | 01312cam a2200337 a 4500 | ||
|---|---|---|---|
| 001 | 12649945 | ||
| 003 | ARRUPE | ||
| 005 | 20141021020008.0 | ||
| 008 | 020118s2001 enka b 001 0 eng d | ||
| 010 | _a 2002265365 | ||
| 015 | _aGBA1-X7146 | ||
| 020 | _a019285416X | ||
| 035 | _a(OCoLC)ocm46984946 | ||
| 040 |
_aUKM _cUKM _dCDS _dDLC |
||
| 042 | _alccopycat | ||
| 050 | 0 | 0 |
_aQB981 _b.C644 2001 |
| 082 | 0 | 0 |
_a523.1 _221 |
| 100 | 1 |
_aColes, Peter, _d1963- _95749 |
|
| 245 | 1 | 0 |
_aCosmology : _ba very short introduction / _cPeter Coles. |
| 260 |
_aOxford ; _aNew York : _bOxford University Press, _c2001. |
||
| 300 |
_a139 p. : _bill. ; _c18 cm. |
||
| 440 | 0 |
_aVery short introductions ; _v51 _95750 |
|
| 504 | _aIncludes bibliographical references (p. 131-133) and index. | ||
| 650 | 0 |
_aCosmology. _95751 |
|
| 856 | 4 | 2 |
_3Publisher description _uhttp://www.loc.gov/catdir/enhancements/fy0613/2002265365-d.html |
| 856 | 4 | 1 |
_3Table of contents only _uhttp://www.loc.gov/catdir/enhancements/fy0613/2002265365-t.html |
| 856 | 4 | 2 |
_3Contributor biographical information _uhttp://www.loc.gov/catdir/enhancements/fy0726/2002265365-b.html |
| 906 |
_a7 _bcbc _ccopycat _d2 _encip _f20 _gy-gencatlg |
||
| 942 |
_2lcc _cMONOGRAPH _04 |
||
| 999 |
_c119277 _d119277 |
||